Statistics for Cities by Continent-Hard

Click here to take the quiz!

General Stats

  • This quiz has been taken 33 times
  • The average score is 8 of 12

Answer Stats

HintAnswer% Correct
MbabaneAfrica
97%
SplitEurope
94%
Nuku' alofaOceania
88%
Bahia BlancaSouth America
81%
CayenneSouth America
81%
HamhungAsia
72%
Port-VilaOceania
69%
MoroniAfrica
66%
BamAsia
59%
MariborEurope
50%
LimonNorth America
31%
ColonNorth America
19%

Score Distribution

Percentile by Number Answered

Percent of People with Each Score

Your Score History

You have not taken this quiz